000
00257nam a2200109Ia 4500
008
200302s9999 xx 000 0 und d
100
_a
Detail Library ,
245
_a
Windows and Window Walls
260
_b
Lliffe Books Ltd.
260
_c
1964
300
_a
120 P.,
999
_c
144
_d
144